UBT Library

Handbook for the McGraw-Hill guide : (Record no. 47176)

000 -LEADER
fixed length control field 00761cam a2200241 a 4500
001 - CONTROL NUMBER
control field 17459105
005 - DATE AND TIME OF LATEST TRANSACTION
control field 20180815045707.0
008 - FIXED-LENGTH DATA ELEMENTS--GENERAL INFORMATION
fixed length control field 120911s2012 nyu f 000 0 eng
010 ## - LIBRARY OF CONGRESS CONTROL NUMBER
LC control number 2012036871
020 ## - INTERNATIONAL STANDARD BOOK NUMBER
International Standard Book Number 9780077424305 (alk. paper)
020 ## - INTERNATIONAL STANDARD BOOK NUMBER
International Standard Book Number 0077424301 (alk. paper)
040 ## - CATALOGING SOURCE
Original cataloging agency DLC
Transcribing agency DLC
Modifying agency DLC
041 ## - LANGUAGE CODE
Language code of text/sound track or separate title eng
042 ## - AUTHENTICATION CODE
Authentication code pcc
080 ## - UNIVERSAL DECIMAL CLASSIFICATION NUMBER
Universal Decimal Classification number 808.0420711
082 00 - DEWEY DECIMAL CLASSIFICATION NUMBER
Classification number 808.0420711
Edition number 23
100 1# - Rafti
Rafti 47
101 ## - Shkurtesa
Shkurtesa EDU
245 10 - TITLE STATEMENT
Title Handbook for the McGraw-Hill guide :
Statement of responsibility, etc Duane Roen, Gregory R. Glau, Barry M. Maid.
906 ## - LOCAL DATA ELEMENT F, LDF (RLIN)
a 7
b cbc
c orignew
d 1
e ecip
f 20
g y-gencatlg
942 ## - ADDED ENTRY ELEMENTS (KOHA)
Source of classification or shelving scheme
Item type Books
Holdings
Withdrawn status Lost status Source of classification or shelving scheme Damaged status Not for loan Collection code Permanent location Current location Shelving location Date acquired Total Checkouts Full call number Barcode Date last seen Price effective from Koha item type
          Koleksioni i përgjithshem UBT - Lipjan UBT - Lipjan Koleksioni i përgjithshem 08/15/2018   808.0420711 ROE 002-3011362 08/15/2018 08/15/2018 Books
          Koleksioni i përgjithshem UBT - Lipjan UBT - Lipjan Koleksioni i përgjithshem 08/15/2018   808.0420711 ROE 002-3011361 08/15/2018 08/15/2018 Books
          Koleksioni i përgjithshem UBT - Lipjan UBT - Lipjan Koleksioni i përgjithshem 08/15/2018   808.0420711 ROE 002-3011360 08/15/2018 08/15/2018 Books
          Koleksioni i përgjithshem UBT - Lipjan UBT - Lipjan Koleksioni i përgjithshem 08/15/2018   808.0420711 HIL 002-3011375 08/15/2018 08/15/2018 Books
UBT Library © 2015-2024. All rights reserved University Education for Business and Technology